MARC details
| 000 -LEADER |
| fixed length control field |
03779nam a2200409Ka 4500 |
| 001 - CONTROL NUMBER |
| control field |
bslw06489549 |
| 003 - CONTROL NUMBER IDENTIFIER |
| control field |
UtOrBLW |
| 005 - DATE AND TIME OF LATEST TRANSACTION |
| control field |
20210303085251.0 |
| 006 - FIXED-LENGTH DATA ELEMENTS--ADDITIONAL MATERIAL CHARACTERISTICS |
| fixed length control field |
m d |
| 007 - PHYSICAL DESCRIPTION FIXED FIELD--GENERAL INFORMATION |
| fixed length control field |
cr un||||||||| |
| 008 - FIXED-LENGTH DATA ELEMENTS--GENERAL INFORMATION |
| fixed length control field |
101123s2010 enk o 000 0 eng d |
| 020 ## - INTERNATIONAL STANDARD BOOK NUMBER |
| International Standard Book Number |
9780857243621 (electronic bk.) : |
| Terms of availability |
£77.95 ; €113.95 ; $144.95 |
| 040 ## - CATALOGING SOURCE |
| Original cataloging agency |
UtOrBLW |
| Transcribing agency |
UtOrBLW |
| 050 #4 - LIBRARY OF CONGRESS CALL NUMBER |
| Classification number |
HM499 |
| Item number |
.S78 2010 |
| 072 #7 - SUBJECT CATEGORY CODE |
| Subject category code |
GTS |
| Source |
bicssc |
| 072 #7 - SUBJECT CATEGORY CODE |
| Subject category code |
JBKH |
| Source |
bicssc |
| 072 #7 - SUBJECT CATEGORY CODE |
| Subject category code |
SOC002010 |
| Source |
bisacsh |
| 072 #7 - SUBJECT CATEGORY CODE |
| Subject category code |
SOC008000 |
| Source |
bisacsh |
| 072 #7 - SUBJECT CATEGORY CODE |
| Subject category code |
SOC022000 |
| Source |
bisacsh |
| 080 ## - UNIVERSAL DECIMAL CLASSIFICATION NUMBER |
| Universal Decimal Classification number |
316.1 |
| 082 04 - DEWEY DECIMAL CLASSIFICATION NUMBER |
| Classification number |
302 |
| Edition number |
22 |
| 245 00 - TITLE STATEMENT |
| Title |
Studies in symbolic interaction. |
| Number of part/section of a work |
Vol. 35 |
| Medium |
[electronic resource] / |
| Statement of responsibility, etc. |
edited by Norman K. Denzin. |
| 260 ## - PUBLICATION, DISTRIBUTION, ETC. |
| Place of publication, distribution, etc. |
Bingley, U.K. : |
| Name of publisher, distributor, etc. |
Emerald, |
| Date of publication, distribution, etc. |
2010. |
| 300 ## - PHYSICAL DESCRIPTION |
| Extent |
1 online resource (xi, 364 p.) |
| 490 0# - SERIES STATEMENT |
| Series statement |
Studies in symbolic interaction, |
| International Standard Serial Number |
0163-2396 |
| 505 0# - FORMATTED CONTENTS NOTE |
| Formatted contents note |
Introduction : the impact of popular music on symbolic interaction / Joe Kotarba -- Introduction : music and identity / Christopher Schneider -- The group ethic in the improvising jazz ensemble : a symbolic interactionist analysis of music, identity and social context / Will Gibson -- Established Latino music scenes : authenticity and insincerity / Kathryn M. Nowotny, Jennifer L. Fackler, Gianncarlo Muschi, Carol Vargas, Lindsey Wilson & Joe A. Kotarba -- Authenticating identity work : accounts of underground country musicians / Jason Eastman -- Introduction : spaces of musical interaction : subcultures, scenes, and communities / Robert Owen Gardner -- Brutal belonging in Melbourne's grindcore scene / Rosemary Overell -- Musical genre as a gendered process : authenticity in extreme metal / Ben Hutcherson and Ross Haenfler -- Digging a river downstream : producing emergence in music / Nick Dempsey -- Teaching the art of playing with career-coupling relationships in the virtuoso world / Izabela Wagner -- Introduction : music in (inter)action / John Bryce Merrill -- Noise in action : the sonic (de)construction of art worlds / Carey Sargent -- Driving to the beat of one's own hum : automobility and musical listening / Michael Walsh -- Music, symbolic interaction and study abroad / J. Patrick Williams -- Grandmamma, what great ears you have! (Cross-generational musical interaction and the discovery of silence) / Aljosa Puzar -- Becoming yellow / Sayuri Arai -- Subculture and myth : the case of Robert Johnson in the 1920s-30s US South / William F. Danaher -- LeRoy and me / John M. Johnson -- Competing with her mother-in-law : the intersection of control management and emotion management in sport families / Steven M. Ortiz -- The futureless past / Michael A. Katovich -- G.H. Mead's intimations of dialogue and narrative in social becoming with others / William K. Rawlins. |
| 520 ## - SUMMARY, ETC. |
| Summary, etc. |
The essays in this bi-annual series consist of original research and theory within the general sociological perspective known as symbolic interactionism. Longer than conventional journal-length articles, the essays wed mico and macro concerns within a qualitative, ethnographic, autoethnographic and performance studies orientation. International in scope, the series draws upon the work of urban ethnographers, interpretive, constructionist, ethnomethodological, critical race, postcolonial, feminist, queer, and cultural studies traditions. |
| 588 0# - SOURCE OF DESCRIPTION NOTE |
| Source of description note |
Print version record |
| 650 #7 - SUBJECT ADDED ENTRY--TOPICAL TERM |
| Topical term or geographic name entry element |
Social Science |
| General subdivision |
Anthropology |
| -- |
Cultural. |
| Source of heading or term |
bisacsh |
| 650 #7 - SUBJECT ADDED ENTRY--TOPICAL TERM |
| Topical term or geographic name entry element |
Social Science |
| General subdivision |
Ethnic Studies |
| -- |
General. |
| Source of heading or term |
bisacsh |
| 650 #7 - SUBJECT ADDED ENTRY--TOPICAL TERM |
| Topical term or geographic name entry element |
Social Science |
| General subdivision |
Popular Culture. |
| Source of heading or term |
bisacsh |
| 650 #0 - SUBJECT ADDED ENTRY--TOPICAL TERM |
| Topical term or geographic name entry element |
Symbolic interactionism. |
| 700 1# - ADDED ENTRY--PERSONAL NAME |
| Personal name |
Denzin, Norman K. |
| 776 1# - ADDITIONAL PHYSICAL FORM ENTRY |
| International Standard Book Number |
9780857243614 |
| 856 40 - ELECTRONIC LOCATION AND ACCESS |
| Uniform Resource Identifier |
<a href="https://www.emerald.com/insight/publication/doi/10.1108/S0163-2396(2010)35">https://www.emerald.com/insight/publication/doi/10.1108/S0163-2396(2010)35</a> |
| 913 ## - |
| -- |
SS2010 |